|
|
|
|
| LEADER |
00000nam0a2200000 4500 |
| 001 |
307965 |
| 005 |
20231102002040.0 |
| 035 |
|
|
|a (RuTPU)RU\TPU\book\333273
|
| 090 |
|
|
|a 307965
|
| 100 |
|
|
|a 20151027d1981 km y0rusy50 ca
|
| 101 |
0 |
|
|a rus
|
| 102 |
|
|
|a RU
|
| 105 |
|
|
|a a z 001zy
|
| 200 |
1 |
|
|a Природные опасности в шахтах, способы их контроля и предотвращения
|f Е. Ф. Карпов [и др.]
|
| 210 |
|
|
|a Москва
|c Недра
|d 1981
|
| 215 |
|
|
|a 471 с.
|c ил.
|
| 320 |
|
|
|a Библиогр.: с. 463-468
|
| 606 |
1 |
|
|a Опасности в рудниках
|2 stltpush
|3 (RuTPU)RU\TPU\subj\47027
|9 66095
|
| 610 |
1 |
|
|a шахты
|
| 610 |
1 |
|
|a природные опасности
|
| 610 |
1 |
|
|a контроль
|
| 610 |
1 |
|
|a предотвращение
|
| 610 |
1 |
|
|a природные газы
|
| 610 |
1 |
|
|a газодинамические явления
|
| 610 |
1 |
|
|a рудничная пыль
|
| 610 |
1 |
|
|a подземные пожары
|
| 610 |
1 |
|
|a прогнозы
|
| 610 |
1 |
|
|a выбросоопасность
|
| 610 |
1 |
|
|a выбросоопасность
|
| 610 |
1 |
|
|a горные удары
|
| 610 |
1 |
|
|a запыленность
|
| 610 |
1 |
|
|a угольные шахты
|
| 610 |
1 |
|
|a проветривание
|
| 610 |
1 |
|
|a кондиционирование
|
| 610 |
1 |
|
|a параметры
|
| 610 |
1 |
|
|a измерения
|
| 610 |
1 |
|
|a дистанционный контроль
|
| 610 |
1 |
|
|a аварийная сигнализация
|
| 675 |
|
|
|a 622.8
|v 4
|
| 701 |
|
1 |
|a Карпов
|b Е. Ф.
|
| 701 |
|
1 |
|a Клебанов
|b Ф. С.
|
| 701 |
|
1 |
|a Петросян
|b А. Э.
|
| 701 |
|
1 |
|a Славутский
|b С. О.
|
| 801 |
|
1 |
|a RU
|b 63413507
|c 20151027
|
| 801 |
|
2 |
|a RU
|b 63413507
|c 20191025
|g RCR
|
| 942 |
|
|
|c BK
|